Algunos programas de uso común en basic (Record no. 121270)

MARC details
000 -LEADER
campo de control de longitud fija 00617nam a2200181 4500
001 - NÚMERO DE CONTROL
campo de control 121270
003 - IDENTIFICADOR DE NÚMERO DE CONTROL
campo de control ES-MaACL
007 - CAMPO FIJO DE DESCRIPCIÓN FÍSICA--INFORMACIÓN GENERAL
campo de control de longitud fija t|
008 - DATOS DE LONGITUD FIJA--INFORMACIÓN GENERAL
campo de control de longitud fija 070214s1983 sp r ||||1| spa d
100 1# - ENTRADA PRINCIPAL--NOMBRE DE PERSONA
Nombre de persona Poole, Lon.
9 (RLIN) 93078
245 10 - MENCIÓN DEL TÍTULO
Título Algunos programas de uso común en basic
Resto del título : edición para ATARI /
Mención de responsabilidad, etc. Lon Poole, Mary Borchers, Steven Cook ; traducción de Sebastián Dormido Bencomo.
260 ## - PUBLICACIÓN, DISTRIBUCIÓN, ETC.
Lugar de publicación, distribución, etc. Madrid :
Nombre del editor, distribuidor, etc. Osborne,
Fecha de publicación, distribución, etc. 1983.
300 ## - DESCRIPCIÓN FÍSICA
Extensión 200 p. ;
Dimensiones 28 cm.
700 1# - ENTRADA AGREGADA--NOMBRE PERSONAL
Nombre de persona Borchers, Mary.
9 (RLIN) 30371
700 1# - ENTRADA AGREGADA--NOMBRE PERSONAL
Nombre de persona Cook, Steven.
9 (RLIN) 40356
700 1# - ENTRADA AGREGADA--NOMBRE PERSONAL
Nombre de persona Dormido Bencomo, Sebastián.
9 (RLIN) 45412
852 ## - LOCALIZACIÓN
Ubicación ES-MaACL
Número de control de estantería L-7488
Sublocalización o colección R.107991
Holdings
Estatus retirado Estado de pérdida Estado de daño No para préstamo Biblioteca de origen Biblioteca actual Ubicación en estantería Fecha de adquisición Fuente de adquisición Total de préstamos Signatura topográfica completa Código de barras Visto por última vez Precio de reemplazo Tipo de ítem Koha
        Biblioteca del Ateneo de Madrid Biblioteca del Ateneo de Madrid Depósito 2 17/01/2008     L-7488 1126388 23/02/2023 23/02/2023 Libro impreso